01457nam a2200241Ia 4500001000600000003000900006008004100015040001300056040001300069041001300082100002000095100002900115245008100144245008100225250001100306260001000317260001500327260004900342300005700391500070900448650002701157650003101184F6816IT-RoPAU130308s9999 xx 000 0 und d aIT-RoPAU cIT-RoPAU aITALIANO aMinganti Franco gCodice Aut. SPICS: 21320 aModulazioni di frequenza. L'immaginario radiofonico tra letteratura e cinema bModulazioni di Frequenza. L'Immaginario radiofonico tra letteratura e Cinema a1a ed. aUDINE bCampanotto c1997 [1° Ed.:1997 - Ed.Ling.Originale:1997] a"192 p. (prefazione: no ; testo: 192 [pagine: 0-0])" aSintonie e Radiofonia Perduta. Discorso radiofonico Americano. Generi e Formati. Radio da Vedere e Cinema da Ascoltare. voce radiofonica di Orson Welles. Radio nella Fiction Letteraria: Qualsiasi Cosa tra Dio e Clown. Il Dj Deve Morire. Questo Volume Nasce Dalla voglia di Situare Meglio la Radiofonia sommersa che ci Circonda, e Raccoglie Riflessioni Sulla Cultura radiofonica Americana, Sulle Sue mitologie e Fiction Letterarie e Cinematografiche Anni trenta . Indagine Sulla Percezione dei Generi, Natura dei Formati, conseguenze della Serialità€ e sinergie tra I Media Dello Spettacolo. messa in scena di Romanzi Come The Dick Gibson Show (1971) di Stanley Elkin o Film Come Talk Radio e Radio Days. aLINGUAGGIO RADIOFONICO eCodice materia Spics: 6904